[Event "2nd Washington Int"]
[Site "Rockville USA"]
[Date "2013.08.06"]
[Round "1.2"]
[White "Quesada Perez, Yuniesky"]
[Black "Chandra, Akshat"]
[Result "1-0"]
[WhiteTitle "GM"]
[BlackTitle "FM"]
[WhiteElo "2636"]
[BlackElo "2328"]
[WhiteFideId "3504409"]
[BlackFideId "25006711"]
[EventDate "2013.08.06"]

1. e4 c5 2. Nf3 d6 3. d4 cxd4 4. Nxd4 Nf6 5. Nc3 Nc6 6. Bg5 e6 7. Qd2 Be7 8.
O-O-O O-O 9. f4 Nxd4 10. Qxd4 Qa5 11. e5 dxe5 12. Qxe5 Qxe5 13. fxe5 Nd5 14.
Bxe7 Nxe7 15. Bd3 b6 16. Be4 Rb8 17. Nb5 Bb7 18. Rhe1 a6 19. Nc7 a5 20. Nb5 Bxe4
21. Rxe4 Rfd8 22. Rd6 Nf5 23. Rc6 h5 24. Nd6 Ne7 25. Rc7 Nd5 26. Ra7 Rf8 27. c4
Nb4 28. a3 Nd3+ 29. Kc2 Nf2 30. Re2 Ng4 31. h3 Nh6 32. Rf2 g6 33. Rf6 Ra8 34.
Rb7 Rab8 35. Rc7 a4 36. Kc3 Ra8 37. Rb7 Ra5 38. Nb5 Ra6 39. Rf4 Nf5 40. g4 hxg4
41. hxg4 g5 42. Re4 Nh4 43. Nc7 Ra5 44. Rxb6 Rd8 45. Kb4 Ra7 46. Nb5 Rad7 47.
Kxa4 Rd2 48. Rd6 Ra8+ 49. Kb3 Nf3 50. Kc3 Rg2 51. c5 Rb8 52. a4 Rg1 53. c6 Rc1+
54. Kb4 Rc2 55. b3 1-0

[Event "2nd Washington Int"]
[Site "Rockville USA"]
[Date "2013.08.08"]
[Round "1.3"]
[White "Wang, Kevin"]
[Black "Fridman, Daniel"]
[Result "0-1"]
[BlackTitle "GM"]
[WhiteElo "2321"]
[BlackElo "2634"]
[WhiteFideId "2008424"]
[BlackFideId "11600454"]
[EventDate "2013.08.06"]

1. e4 c6 2. d4 d5 3. exd5 cxd5 4. Bd3 Nc6 5. c3 Qc7 6. h3 e6 7. Nf3 Bd6 8. O-O
Nge7 9. Re1 Bd7 10. a4 f6 11. b4 e5 12. b5 Nd8 13. Bf1 e4 14. Nfd2 Ne6 15. c4
Nxd4 16. Bb2 Ndf5 17. cxd5 e3 18. fxe3 Bg3 19. e4 Qb6+ 20. Kh1 Ne3 21. Rxe3 Qxe3
22. Ra3 Qg5 23. Nf3 Qh5 24. Be2 Bd6 25. Rb3 Bg4 26. Nbd2 O-O 27. Nc4 Bc5 28. Ne3
Bxf3 29. Bxf3 Qg5 30. Nc4 Rad8 31. Bc1 Qh4 32. d6 Nc8 33. Ba3 Bxa3 34. Qd5+ Kh8
35. Rxa3 Qe1+ 36. Kh2 Qb4 37. d7 Nb6 38. Nxb6 Qxa3 39. Nc8 Qxa4 40. Bg4 f5 41.
Bxf5 Rxf5 42. Qxf5 Qd4 43. Ne7 Qxd7 44. Qf7 Qc7+ 0-1

[Event "2nd Washington Int"]
[Site "Rockville USA"]
[Date "2013.08.06"]
[Round "1.4"]
[White "Corrales Jimenez, Fidel"]
[Black "Vibbert, Sean"]
[Result "1-0"]
[WhiteElo "2598"]
[BlackElo "2317"]
[WhiteFideId "3506690"]
[BlackFideId "2030292"]
[EventDate "2013.08.06"]

1. e4 c5 2. Nf3 Nc6 3. d4 cxd4 4. Nxd4 Nf6 5. Nc3 d6 6. Bg5 e6 7. Qd2 a6 8.
O-O-O Bd7 9. Nxc6 Bxc6 10. Qe1 Be7 11. e5 Nd5 12. Bxe7 Qxe7 13. Ne4 dxe5 14. c4
Nf6 15. Nd6+ Kf8 16. Qxe5 Rd8 17. Be2 Bd5 18. cxd5 Rxd6 19. Bf3 exd5 20. Qd4
Rc6+ 21. Kb1 Rc4 22. Qd2 g6 23. Rhe1 Qd7 24. Qh6+ Kg8 25. Bxd5 Rc8 26. Be6 Qxe6
27. Rxe6 fxe6 28. Rd3 Kf7 29. Rf3 Rhg8 30. Qf4 1-0

[Event "2nd Washington Int"]
[Site "Rockville USA"]
[Date "2013.08.06"]
[Round "1.6"]
[White "Chirila, Ioan-Cristian"]
[Black "Homa, Seth"]
[Result "1-0"]
[WhiteTitle "GM"]
[BlackTitle "FM"]
[WhiteElo "2520"]
[BlackElo "2311"]
[WhiteFideId "1211668"]
[BlackFideId "2031779"]
[EventDate "2013.08.06"]

1. d4 Nf6 2. c4 e6 3. Nc3 Bb4 4. e3 O-O 5. Ne2 d5 6. a3 Be7 7. cxd5 exd5 8. Nf4
c6 9. Bd3 a5 10. O-O Na6 11. Bd2 Re8 12. Qc2 Nc7 13. Nce2 Bd6 14. Ng3 Ne6 15.
Nxe6 Bxe6 16. b4 axb4 17. axb4 Qe7 18. b5 cxb5 19. Bxb5 Rec8 20. Rxa8 Rxa8 21.
f3 Rc8 22. Qb1 Bxg3 23. hxg3 Qc7 24. g4 Qc2 25. Qxc2 Rxc2 26. Ra1 g5 27. Bb4 Kg7
28. Ra8 Rc8 29. Rxc8 Bxc8 30. Be7 h6 31. Kf2 Be6 32. Ke2 Nd7 33. Bd8 Nb8 34. Kd2
Nc6 35. Bc7 Kf6 36. Kc3 Ke7 37. Bb6 f6 38. Bd3 Bf7 39. Bc5+ Ke8 40. Kb3 h5 41.
gxh5 Bxh5 42. Bf5 b5 43. Bb4 Kd8 44. Bd3 Be8 45. Kc3 Nb8 46. Bd6 Na6 47. e4 dxe4
48. fxe4 Nc7 49. Kb4 Ne6 50. d5 Nf4 51. Bxf4 gxf4 52. Bxb5 Bh5 53. Kc5 Bg4 54.
Bf1 Bd1 55. Bd3 Kd7 56. Bb5+ Kd8 57. Kd4 f3 58. g3 Be2 59. Bd3 Ke7 60. Ke3 Bd1
61. Kd2 Bb3 62. Ke3 Bd1 63. Bf1 Kd6 64. Bh3 Ke5 65. Kf2 Bc2 66. Bf5 Bb3 67. Bg4
Ba4 68. Bxf3 Bc2 69. Ke3 Ba4 70. Bg4 Bb5 71. Bf5 Bc4 72. Bg6 Bb5 73. Kf3 Bd7 74.
g4 Bb5 75. Kg3 Be2 76. Kh4 Bc4 77. Kh5 Be2 78. Bf5 Bb5 79. Kg6 Be8+ 80. Kg7 Ba4
81. Kf7 1-0

[Event "2nd Washington Int"]
[Site "Rockville USA"]
[Date "2013.08.06"]
[Round "1.8"]
[White "Abreu Delgado, Aryam"]
[Black "Rohonyan, Katerina"]
[Result "1/2-1/2"]
[WhiteTitle "GM"]
[BlackTitle "WGM"]
[WhiteElo "2483"]
[BlackElo "2299"]
[WhiteFideId "3502589"]
[BlackFideId "14107503"]
[EventDate "2013.08.06"]

1. e4 c5 2. Nf3 d6 3. d4 cxd4 4. Nxd4 Nf6 5. Nc3 Bd7 6. h3 e5 7. Nf3 Bc6 8. Bc4
Be7 9. Qd3 O-O 10. Bg5 Nbd7 11. Bxf6 Nxf6 12. O-O-O Rc8 13. Qe2 Qa5 14. Kb1 b5
15. Bb3 b4 16. Nd5 Bxd5 17. Bxd5 Rc5 18. Bb3 Qc7 19. Ne1 Qb7 20. Nd3 Rc7 21.
Rhe1 a5 22. f4 Qb5 23. fxe5 dxe5 24. Nf2 Qxe2 25. Rxe2 Bc5 26. Ng4 Nxg4 27. hxg4
Bd4 28. g5 Ra8 29. Ba4 Ra6 30. Rf1 Rg6 31. Rf5 h6 32. gxh6 Rxh6 33. Rf1 Kh7 34.
Bb3 Kg6 35. c3 bxc3 36. bxc3 Bxc3 37. Rc2 Kg5 38. a4 Rhc6 39. Bxf7 g6 40. Bd5
Rc5 41. Rf3 Bd4 42. Rxc5 Rxc5 43. Rg3+ Kf6 1/2-1/2

[Event "2nd Washington Int"]
[Site "Rockville USA"]
[Date "2013.08.06"]
[Round "1.9"]
[White "Uesugi, Shinsaku"]
[Black "Yang, Darwin"]
[Result "1/2-1/2"]
[WhiteTitle "FM"]
[BlackTitle "IM"]
[WhiteElo "2292"]
[BlackElo "2480"]
[WhiteFideId "2024578"]
[BlackFideId "2029111"]
[EventDate "2013.08.06"]

1. e4 e6 2. d4 d5 3. e5 c5 4. Nf3 Nc6 5. Bd3 Nge7 6. dxc5 Ng6 7. Bxg6 hxg6 8.
O-O Bxc5 9. Nbd2 g5 10. Nb3 Be7 11. h3 f5 12. Qe2 g4 13. hxg4 fxg4 14. Nh2 Nxe5
15. Bf4 Nc4 16. Nxg4 Bd6 17. Bxd6 Qxd6 18. Nd2 Nxd2 19. Qxd2 Bd7 20. Qg5 O-O 21.
Rfe1 Qf4 22. Qxf4 Rxf4 23. Ne5 Be8 24. c3 Rc8 25. Rad1 Ra4 26. a3 Ra6 27. Rd4
Rb6 28. Rb4 Rxb4 29. axb4 b6 30. Ra1 Rc7 31. f4 Kf8 32. g4 Rb7 33. Kf2 a5 34.
bxa5 bxa5 35. Rxa5 Rxb2+ 36. Ke3 Rc2 37. Kd3 Rf2 38. Ke3 Rc2 39. Kd4 Re2 40. Ra8
g5 41. Ng6+ Kf7 42. Rxe8 Kxg6 43. fxg5 Re4+ 44. Kc5 Rc4+ 45. Kd6 Rxc3 46. Rxe6+ 1/2-1/2

[Event "2nd Washington Int"]
[Site "Rockville USA"]
[Date "2013.08.06"]
[Round "1.10"]
[White "Ludwig, Daniel"]
[Black "Piasetski, Leon"]
[Result "1-0"]
[WhiteTitle "IM"]
[BlackTitle "IM"]
[WhiteElo "2479"]
[BlackElo "2286"]
[WhiteFideId "2024322"]
[BlackFideId "2600072"]
[EventDate "2013.08.06"]

1. d4 g6 2. e4 Bg7 3. Nf3 d6 4. Nc3 Nf6 5. Be2 O-O 6. O-O Nc6 7. h3 e6 8. Be3
Ne7 9. Qd2 b6 10. Bh6 Bb7 11. Bxg7 Kxg7 12. Qf4 h6 13. Rad1 g5 14. Qe3 Ng6 15.
Rfe1 Qe7 16. Nh2 Rae8 17. Nf1 c6 18. Ng3 Qc7 19. Bf3 d5 20. e5 Nd7 21. Bh5 Ba6
22. Nce2 f6 23. f4 fxe5 24. fxg5 Qd8 25. gxh6+ Kh7 26. dxe5 Bxe2 27. Nxe2 Qh4
28. Bxg6+ Kxg6 29. Rf1 Qxh6 30. Rf4 Rxf4 31. Nxf4+ Kh7 32. Rf1 Rg8 33. Qa3 Nxe5
34. Qxa7+ Rg7 35. Qxb6 Nc4 36. Qxc6 Nd2 37. Rf2 Ne4 38. Qxe6 Nxf2 39. Qxh6+ Kxh6
40. Kxf2 Rc7 41. c3 d4 42. cxd4 Rc2+ 43. Kf3 Rxb2 44. h4 Rxa2 45. g4 Ra1 46. g5+
Kg7 47. Ke4 Ra8 48. h5 Re8+ 49. Kf5 Rf8+ 50. Ke5 Ra8 51. d5 Ra5 52. Ne6+ Kh7 53.
Nd4 1-0

[Event "2nd Washington Int"]
[Site "Rockville USA"]
[Date "2013.08.06"]
[Round "1.12"]
[White "Sundararajan, Kidambi"]
[Black "Kahn, Aaron E"]
[Result "1-0"]
[WhiteTitle "GM"]
[WhiteElo "2458"]
[BlackElo "2266"]
[WhiteFideId "5005370"]
[BlackFideId "2025701"]
[EventDate "2013.08.06"]

1. c4 e6 2. g3 d5 3. Nf3 c5 4. Bg2 Nc6 5. O-O Nf6 6. d4 Be7 7. a3 dxc4 8. dxc5
Qxd1 9. Rxd1 e5 10. Nbd2 Be6 11. Ng5 Rd8 12. Nxe6 fxe6 13. Bxc6+ bxc6 14. Rf1 c3
15. bxc3 Bxc5 16. a4 a6 17. Nb3 Bb6 18. c4 Ne4 19. Ba3 Kf7 20. Kg2 Nd2 21. Nxd2
Rxd2 22. Rab1 Bd4 23. e3 Rd3 24. Rb7+ Kg6 25. Bd6 Bxe3 26. Bxe5 Bd4 27. Rd7 c5
28. Re1 Rg8 29. Bxd4 Rxd4 30. Rxe6+ Kf5 31. Rde7 Rxc4 32. Rxa6 h5 33. Ra5 Rc8
34. Rxg7 Rc2 35. Raa7 Ke4 36. Rad7 Ra8 37. Rge7+ Kf5 38. Rd5+ Kf6 39. Rc7 c4 40.
Rxh5 Rxa4 41. Rc6+ Kg7 1-0

[Event "2nd Washington Int"]
[Site "Rockville USA"]
[Date "2013.08.06"]
[Round "1.14"]
[White "Hunt, Adam C"]
[Black "Williams, Justus D"]
[Result "1-0"]
[WhiteTitle "IM"]
[WhiteElo "2430"]
[BlackElo "2251"]
[WhiteFideId "403970"]
[BlackFideId "2049929"]
[EventDate "2013.08.06"]

1. e4 c5 2. Nf3 e6 3. d4 cxd4 4. Nxd4 a6 5. Nc3 Qc7 6. Bd3 Nc6 7. Nxc6 dxc6 8.
O-O Nf6 9. f4 e5 10. Kh1 Bc5 11. Qe1 Ng4 12. f5 h5 13. Bg5 b5 14. h3 Bd7 15. a4
b4 16. Nd1 a5 17. Bh4 Nf6 18. Qg3 Kf8 19. c3 Rd8 20. Ne3 Bc8 21. Rfd1 Re8 22.
Nc4 Nd7 23. cxb4 axb4 24. a5 Bb7 25. a6 Ba8 26. Bc2 Qa7 27. Nd6 Bxd6 28. Rxd6
Qc5 29. Qd3 Nb6 30. Bb3 Nd5 31. Rd7 Ne7 32. Rd1 1-0

[Event "2nd Washington Int"]
[Site "Rockville USA"]
[Date "2013.08.06"]
[Round "1.15"]
[White "Venegas Ocampo, Pablo Juan Jose"]
[Black "Troff, Kayden W"]
[Result "0-1"]
[WhiteTitle "FM"]
[BlackTitle "IM"]
[WhiteElo "2246"]
[BlackElo "2428"]
[WhiteFideId "5104610"]
[BlackFideId "2047896"]
[EventDate "2013.08.06"]

1. d4 Nf6 2. c4 g6 3. Nc3 d5 4. Bg5 Ne4 5. Bf4 Nxc3 6. bxc3 Bg7 7. e3 c5 8. cxd5
cxd4 9. Bb5+ Kf8 10. Qb3 a6 11. Bd3 dxc3 12. Ne2 Nd7 13. Rc1 b5 14. Nxc3 Nc5 15.
Qc2 Bb7 16. e4 Rc8 17. Qd2 Qa5 18. Ke2 Nxd3 19. Kxd3 Qa3 20. e5 b4 0-1

[Event "2nd Washington Int"]
[Site "Rockville USA"]
[Date "2013.08.06"]
[Round "1.16"]
[White "Enkhbat, Tegshsuren"]
[Black "Li, Ruifeng"]
[Result "1/2-1/2"]
[WhiteTitle "IM"]
[BlackTitle "CM"]
[WhiteElo "2417"]
[BlackElo "2246"]
[WhiteFideId "4900251"]
[BlackFideId "2061074"]
[EventDate "2013.08.06"]

1. d4 d5 2. c4 c6 3. Nf3 Nf6 4. Qc2 g6 5. Bf4 Bg7 6. e3 Na6 7. Nc3 O-O 8. Be2
Nc7 9. h3 b6 10. O-O Bb7 11. Rfd1 dxc4 12. Bxc4 Ncd5 13. Be5 Qc8 14. Rac1 Nxc3
15. Qxc3 Qf5 16. Bd3 Qh5 17. Bxf6 exf6 18. Be2 Rae8 19. Qc2 Qd5 20. Nd2 Rc8 21.
Bf3 Qe6 22. b4 f5 23. Nb3 g5 24. g4 Qh6 25. Kg2 fxg4 26. hxg4 Qd6 27. a3 Qd7 28.
Qf5 Qe7 29. Rc2 Rc7 30. Rdc1 Rfc8 31. Be4 h6 32. Qf3 Rf8 33. Bxc6 Bc8 34. d5 Qd6
35. e4 Be5 36. Rh1 a6 37. Nd2 b5 38. Nf1 Qg6 39. Ne3 Rd8 40. Re2 Bf4 41. Nf5
Bxf5 42. gxf5 Qf6 43. Qh5 Rd6 44. Qf3 Qe5 45. Ree1 Kg7 46. Rh3 Rc8 47. Re2 Rg8
48. Qc3 Qxc3 49. Rxc3 Kf6 50. a4 bxa4 51. Ra3 Rb8 52. Rxa4 h5 53. f3 Ke5 54.
Rxa6 Rxb4 55. Ra8 f6 56. Re8+ Kd4 1/2-1/2

[Event "2nd Washington Int"]
[Site "Rockville USA"]
[Date "2013.08.06"]
[Round "1.24"]
[White "Neimer, Vitaly"]
[Black "Chevannes, Sabrina L"]
[Result "1/2-1/2"]
[WhiteTitle "IM"]
[BlackTitle "WFM"]
[WhiteElo "2379"]
[BlackElo "2160"]
[WhiteFideId "2807017"]
[BlackFideId "411280"]
[EventDate "2013.08.06"]

1. e4 c6 2. d4 d5 3. Nd2 dxe4 4. Nxe4 Bf5 5. Ng3 Bg6 6. N1e2 h6 7. Nf4 Bh7 8.
Bc4 Nf6 9. O-O Nbd7 10. Re1 Nb6 11. Bb3 Qd7 12. Ngh5 Nxh5 13. Qxh5 Qf5 14. Qd1
O-O-O 15. c3 e5 16. Rxe5 Qxe5 17. dxe5 Rxd1+ 18. Bxd1 g5 19. Nh5 Nc4 20. Be3 Kc7
21. Nf6 Bg6 22. Bb3 Nxe3 23. fxe3 Bg7 24. Rf1 Rd8 25. g3 Kb6 26. Rd1 1/2-1/2

[Event "2nd Washington Int"]
[Site "Rockville USA"]
[Date "2013.08.06"]
[Round "1.25"]
[White "Arias, Mario"]
[Black "Paikidze, Nazi"]
[Result "1-0"]
[BlackTitle "IM"]
[WhiteElo "2159"]
[BlackElo "2377"]
[WhiteFideId "3800660"]
[BlackFideId "13603620"]
[EventDate "2013.08.06"]

1. d4 Nf6 2. c4 e6 3. Nc3 Bb4 4. a3 Bxc3+ 5. bxc3 b6 6. f3 d5 7. e3 O-O 8. Bd3
c5 9. cxd5 exd5 10. Ne2 Re8 11. O-O Ba6 12. Ng3 Bxd3 13. Qxd3 Nc6 14. Bb2 Na5
15. Rae1 Qc7 16. e4 cxd4 17. cxd4 Qc4 18. Qd2 Qb3 19. Nf5 h6 20. e5 Nd7 21. Bc1
Re6 22. Qf4 Nc6 23. h4 Ne7 24. Nd6 Rf8 25. h5 f6 26. exf6 Rexf6 27. Qg4 Rxd6 28.
Rxe7 Rf7 29. Rxf7 Kxf7 30. Bf4 Re6 31. Rc1 Qd3 32. Rc7 Qxd4+ 33. Kh2 Qa4 34. Kh3
a5 35. Qf5+ Ke7 36. Qxd5 g5 37. hxg6 Rxg6 38. Rc4 Qxa3 39. Re4+ 1-0

[Event "2nd Washington Int"]
[Site "Rockville USA"]
[Date "2013.08.06"]
[Round "1.26"]
[White "Legky, Nikolay A"]
[Black "Busygin, Stanislav"]
[Result "1-0"]
[WhiteTitle "GM"]
[WhiteElo "2369"]
[BlackElo "2141"]
[WhiteFideId "14100312"]
[BlackFideId "2007029"]
[EventDate "2013.08.06"]

1. d4 Nf6 2. Nf3 c5 3. e3 d5 4. Bd3 Bg4 5. Nbd2 e6 6. h3 Bh5 7. Bb5+ Nc6 8. O-O
Bd6 9. a3 O-O 10. dxc5 Bxc5 11. b4 Bd6 12. Be2 Rc8 13. Bb2 a6 14. c4 Bb8 15. Rc1
Qe7 16. Re1 Rfd8 17. Qb3 Ne8 18. cxd5 exd5 19. Rcd1 Nf6 20. Nd4 Bg6 21. Rc1 Nxd4
22. Bxd4 Ne4 23. Nf3 Qe6 24. b5 axb5 25. Qxb5 Nd6 26. Qb4 Rxc1 27. Rxc1 Rc8 28.
Rxc8+ Qxc8 29. Qc5 Qxc5 30. Bxc5 Ne4 31. Bb4 Bd6 32. Nd4 Kf8 33. Kf1 Ke7 34. Ke1
Nc5 35. Nb5 Nd3+ 36. Bxd3 Bxb4+ 37. axb4 Bxd3 38. Nd4 h5 39. h4 Kf6 40. Kd2 Bf1
41. g3 Ke5 42. Nf3+ Kf5 43. Kc3 f6 44. Kd4 Be2 45. Ng1 Bc4 46. e4+ Ke6 47. Nh3
Kd6 48. Nf4 1-0

[Event "2nd Washington Int"]
[Site "Rockville USA"]
[Date "2013.08.06"]
[Round "1.27"]
[White "Martin Del Campo C., Jorge"]
[Black "Thavandiran, Shiyam"]
[Result "0-1"]
[WhiteTitle "FM"]
[BlackTitle "FM"]
[WhiteElo "2135"]
[BlackElo "2357"]
[WhiteFideId "5101034"]
[BlackFideId "2605058"]
[EventDate "2013.08.06"]

1. d4 e6 2. c4 Nf6 3. g3 d5 4. Bg2 dxc4 5. Qa4+ Nbd7 6. Nf3 a6 7. Qxc4 b5 8. Qc2
Bb7 9. O-O c5 10. a4 Rc8 11. axb5 axb5 12. Qb3 b4 13. dxc5 Bxc5 14. Bg5 Bd5 15.
Qd1 h6 16. Bf4 g5 17. Bc1 Qb6 18. e3 Qb7 19. Nbd2 Ke7 20. Ne1 Ne5 21. Bxd5 Qxd5
22. Nef3 Nxf3+ 23. Qxf3 Qxf3 24. Nxf3 Ne4 25. Nd2 Nxd2 26. Bxd2 Rhd8 27. Rfd1
Rd3 28. Kf1 Bd6 29. Ra7+ Kf6 30. Ke2 Rb3 31. Bc1 Be5 32. f4 gxf4 33. gxf4 Bxb2
34. Bxb2+ Rxb2+ 35. Kf3 Rg8 36. Rdd7 Rg7 37. Rdb7 b3 38. Ra3 Rxh2 39. Raxb3 h5
40. Rb2 Rh3+ 41. Ke4 h4 42. Re2 Rh1 43. Rbb2 h3 44. Rh2 Rxh2 45. Rxh2 Rh7 46.
Kf3 Kf5 47. e4+ Kg6 48. Kg4 e5 49. Kg3 exf4+ 50. Kxf4 Rh8 51. Rf2 h2 0-1

[Event "2nd Washington Int"]
[Site "Rockville USA"]
[Date "2013.08.06"]
[Round "1.29"]
[White "Clancy, Daniel J"]
[Black "Shetty, Atulya"]
[Result "0-1"]
[BlackTitle "FM"]
[WhiteElo "2119"]
[BlackElo "2341"]
[WhiteFideId "2026074"]
[BlackFideId "2031213"]
[EventDate "2013.08.06"]

1. d4 d5 2. c4 c6 3. Nf3 Nf6 4. Nc3 a6 5. c5 Bf5 6. Bf4 Nbd7 7. h3 g6 8. Qb3 Ra7
9. g4 Be4 10. Nxe4 Nxe4 11. Bg2 Bg7 12. O-O h5 13. Rad1 hxg4 14. hxg4 Qc8 15.
Nd2 Nxd2 16. Rxd2 e5 17. Qe3 O-O 18. dxe5 Re8 19. Bxd5 cxd5 20. c6 Nxe5 21. Qxa7
Nxc6 22. Qc5 Qxg4+ 23. Bg3 Bd4 24. Qa3 Be3 25. fxe3 Qxg3+ 26. Kh1 Re5 27. Qf8+ 0-1

[Event "2nd Washington Int"]
[Site "Rockville USA"]
[Date "2013.08.06"]
[Round "1.30"]
[White "Schuyler, James"]
[Black "Lee, Megan"]
[Result "1-0"]
[WhiteTitle "FM"]
[BlackTitle "WFM"]
[WhiteElo "2333"]
[BlackElo "2084"]
[WhiteFideId "2001861"]
[BlackFideId "2029618"]
[EventDate "2013.08.06"]

1. d4 d5 2. Bf4 Nf6 3. e3 g6 4. Nf3 Bg7 5. Be2 O-O 6. O-O c6 7. c4 Nbd7 8. Nc3
dxc4 9. Bxc4 Nb6 10. Bb3 Nbd5 11. Nxd5 Nxd5 12. Be5 Bh6 13. Qe2 e6 14. Rac1 Qe7
15. Nd2 f6 16. Bg3 Rd8 17. f4 a5 18. a3 g5 19. Rce1 b6 20. f5 exf5 21. Qh5 Bg7
22. e4 fxe4 23. Nxe4 Be6 24. Qf3 g4 25. Qe2 f5 26. Nd6 Bxd4+ 27. Kh1 Rxd6 28.
Bxd6 Qxd6 29. Qxe6+ Qxe6 30. Rxe6 Kg7 31. Rxf5 Nf6 32. Rg5+ Kh6 33. Rxg4 Bxb2
34. Rxc6 Re8 35. h4 Re1+ 36. Kh2 b5 37. Rg5 b4 38. a4 Re3 39. Bf7 Bd4 40. g4 Re7
41. Bc4 Bc3 42. Rxa5 Kg7 43. Rg5+ Kh6 44. Rg8 1-0

[Event "2nd Washington Int"]
[Site "Rockville USA"]
[Date "2013.08.06"]
[Round "2.4"]
[White "Martin Del Campo C., Roberto"]
[Black "Corrales Jimenez, Fidel"]
[Result "0-1"]
[WhiteTitle "IM"]
[WhiteElo "2386"]
[BlackElo "2598"]
[WhiteFideId "5100046"]
[BlackFideId "3506690"]
[EventDate "2013.08.06"]

1. e4 c5 2. Nf3 d6 3. d4 cxd4 4. Nxd4 Nf6 5. Nc3 a6 6. f4 e5 7. Nf3 Nbd7 8. Bd3
Be7 9. O-O O-O 10. a4 exf4 11. Kh1 Ne5 12. Bxf4 Bg4 13. Qe1 Bxf3 14. gxf3 Rc8
15. Qe2 Re8 16. Rg1 Ng6 17. Bg3 Qb6 18. Ra3 Qc6 19. Rb3 Bd8 20. Qg2 Ba5 21. f4
Bb6 22. Rxb6 Qxb6 23. f5 Qxb2 24. Nd1 Qd4 25. fxg6 hxg6 26. Nf2 Rc3 27. Rb1 Ra3
28. Qf1 Rxa4 29. Rxb7 Ra1 30. Rb1 Rxb1 31. Qxb1 Nh5 32. Kg2 d5 33. Qb7 dxe4 34.
Nxe4 Nxg3 35. hxg3 a5 36. Qc6 Qe5 37. Nd6 Rd8 38. Ne4 Qd5 39. Qxd5 Rxd5 40. Nc3
Re5 41. Kf2 Kf8 42. Na4 Ke7 43. Bc4 f5 44. Bb3 g5 45. c4 Kd6 46. Bc2 g4 47. Bd3
g5 48. Be2 Re8 49. Bd3 f4 50. Bf5 Re3 51. gxf4 Rf3+ 52. Kg2 gxf4 53. c5+ Ke5 54.
Bd7 Ra3 55. Nb6 Ra2+ 56. Kg1 g3 57. Bg4 Rc2 58. Bf3 Kd4 59. c6 Ke3 60. c7 Kxf3
61. c8=Q Rxc8 62. Nxc8 Ke2 0-1

[Event "2nd Washington Int"]
[Site "Rockville USA"]
[Date "2013.08.06"]
[Round "2.6"]
[White "Thavandiran, Shiyam"]
[Black "Chirila, Ioan-Cristian"]
[Result "1-0"]
[WhiteTitle "FM"]
[BlackTitle "GM"]
[WhiteElo "2357"]
[BlackElo "2520"]
[WhiteFideId "2605058"]
[BlackFideId "1211668"]
[EventDate "2013.08.06"]

1. e4 e5 2. Nf3 Nc6 3. Bb5 a6 4. Ba4 Nf6 5. O-O Be7 6. Bxc6 dxc6 7. d3 Nd7 8.
Nbd2 O-O 9. Nc4 f6 10. Nh4 Nc5 11. Nf5 Bxf5 12. exf5 Re8 13. Be3 b6 14. Qh5 Qd5
15. b3 a5 16. Rad1 Nb7 17. d4 e4 18. f3 Bb4 19. a3 Bd6 20. Nd2 Bf4 21. Bxf4
Qxd4+ 22. Kh1 e3 23. Bxe3 Qxe3 24. Ne4 Rad8 25. Rde1 Rxe4 26. fxe4 Qc3 27. e5
fxe5 28. f6 gxf6 29. Re4 Rf8 30. Rc4 Qe3 31. Rg4+ Kh8 32. Rh4 1-0

[Event "2nd Washington Int"]
[Site "Rockville USA"]
[Date "2013.08.06"]
[Round "2.7"]
[White "Molner, Mackenzie"]
[Black "Almeida Saenz, Alfonso"]
[Result "1/2-1/2"]
[WhiteTitle "IM"]
[BlackTitle "IM"]
[WhiteElo "2506"]
[BlackElo "2352"]
[WhiteFideId "2021722"]
[BlackFideId "5100321"]
[EventDate "2013.08.06"]

1. d4 d5 2. c4 c6 3. Nf3 Nf6 4. Qc2 g6 5. Bf4 Bg7 6. e3 O-O 7. Nc3 Qa5 8. Bd3
Na6 9. cxd5 Nb4 10. Qd2 Nxd3+ 11. Qxd3 Bf5 12. Qd2 Nxd5 13. Nxd5 Qxd5 14. O-O
Be4 15. Qe2 e5 16. Bxe5 Bxe5 17. Nxe5 Bxg2 18. Rfe1 Bh3 19. Qf3 Qxf3 20. Nxf3 f6
21. Rac1 Rfe8 22. Nd2 Rad8 23. f3 Kg7 24. Kf2 Re7 25. Rc5 Be6 26. a4 Bd5 27. a5
a6 28. Nb1 f5 29. f4 Kf6 30. Nc3 Red7 31. b4 h6 32. h4 Be6 33. Rh1 Rg8 34. Rh2
Rdg7 35. Re5 Rd8 36. Kg3 Bd5 37. Nxd5+ Rxd5 38. Rxd5 cxd5 39. Rc2 Ke6 40. b5
axb5 41. Rb2 b6 42. axb6 Rb7 43. Rxb5 h5 44. Kf3 Kd6 45. Rb1 Kc6 46. Rg1 Rg7 47.
Rc1+ Kxb6 48. Rc5 Rd7 49. Ke2 Rd8 50. Kd2 Kb7 51. Kc3 Re8 52. Rxd5 Rxe3+ 53. Kc4
Re4 54. Rd7+ Kc8 55. Rg7 Rxf4 56. Rxg6 1/2-1/2

[Event "2nd Washington Int"]
[Site "Rockville USA"]
[Date "2013.08.06"]
[Round "2.8"]
[White "Shetty, Atulya"]
[Black "Ludwig, Daniel"]
[Result "1/2-1/2"]
[WhiteTitle "FM"]
[BlackTitle "IM"]
[WhiteElo "2341"]
[BlackElo "2479"]
[WhiteFideId "2031213"]
[BlackFideId "2024322"]
[EventDate "2013.08.06"]

1. c4 Nf6 2. g3 g6 3. Bg2 Bg7 4. Nc3 O-O 5. e4 e5 6. Nge2 Nc6 7. O-O d6 8. d3 a6
9. Nd5 Nxd5 10. cxd5 Ne7 11. Be3 f5 12. Qd2 Bd7 13. d4 fxe4 14. dxe5 Bxe5 15.
Bxe4 Nf5 16. Bf4 Qf6 17. Bxf5 Bxf5 18. Bxe5 dxe5 19. Qe3 Bg4 20. Rac1 Rf7 21.
Rc4 Qf3 22. Re4 Rf5 23. Nc3 Raf8 24. Qxf3 Bxf3 25. Re3 Rd8 26. Rfe1 Bxd5 27.
Rxe5 Rxe5 28. Rxe5 Bc6 29. f4 Kf7 30. Kf2 Rd2+ 31. Re2 Rd3 32. Re3 Rd4 33. Re5
Rd2+ 34. Re2 Rd3 35. Re3 Rd2+ 1/2-1/2

[Event "2nd Washington Int"]
[Site "Rockville USA"]
[Date "2013.08.06"]
[Round "2.9"]
[White "Kekelidze, Mikheil"]
[Black "Schuyler, James"]
[Result "1-0"]
[WhiteTitle "GM"]
[BlackTitle "FM"]
[WhiteElo "2470"]
[BlackElo "2333"]
[WhiteFideId "13600818"]
[BlackFideId "2001861"]
[EventDate "2013.08.06"]

1. c4 Nc6 2. Nc3 e5 3. Nf3 f5 4. d4 e4 5. Ng1 Bb4 6. Bf4 g5 7. Bd2 Nxd4 8. Nxe4
Nc6 9. Nc3 d6 10. g3 h6 11. h4 g4 12. Bg2 Nf6 13. Nd5 Bxd2+ 14. Qxd2 Ne5 15. Rc1
c6 16. Nxf6+ Qxf6 17. e3 Be6 18. b3 d5 19. c5 d4 20. exd4 Ng6 21. h5 Ne7 22. Ne2
O-O-O 23. O-O Bd5 24. Rcd1 Bxg2 25. Kxg2 Nd5 26. Nf4 Rhe8 27. Rfe1 Re4 28. Ng6
Rde8 29. Ne5 Re6 30. Rxe4 fxe4 31. Re1 Qf5 32. Qe2 Nf6 33. Rh1 Re8 34. Qd2 Nd5
35. Re1 e3 36. fxe3 Qxh5 37. Qf2 Nc3 38. Rh1 Qg5 39. Qf4 Qd8 40. Qxg4+ Kb8 41.
Qd7 Nxa2 42. Rxh6 Nc3 43. Rh7 Qxd7 44. Nxd7+ Kc8 45. Ne5 Ne4 46. Rh4 Nxc5 47.
Nc4 Nxb3 48. Nd6+ Kd7 49. Nxe8 Kxe8 50. Rh8+ Kd7 51. Rh7+ Kc8 52. g4 1-0